000 00454nam a2200169Ia 4500
001 19563
003 IN-NITTTR
005 20251114233225.0
008 251113s9999||||xx |||||||||||||| ||eng||
040 _beng
040 _cIN-NITTTR
041 _aeng
082 _a658.022 I2P
100 _aIndia. Ministry of Industries,
245 0 _aProject profiles (chemical,food,glass and ceramic industries) /
_cIndia. Ministry of Industries
942 _2ddc
_cBK
999 _c22197
_d22197